000 00412nam a2200169Ia 4500
008 240830s2013 xx 000 0 und d
041 _aeng
082 _aYADAV.615.53
100 _aYADAV G. ACHARYA
245 _aCHARAKA-SAMHITA
250 _a2 ND
260 _aVARANASI
_bCHAUKHAMBA PRAKASHAN
_c2013
300 _a738p
650 _aCHARAKA-SAMHITA
906 _aCHARAKA-SAMHITA
999 _c1202987
_d1202987